000 00554nam a2200217Ia 4500
003 OSt
005 20220924142351.0
006 a|||||r|||| 00| 0
007 ta
008 220923b |||||||| |||| 00| 0 ben d
024 _a301682
037 _cTextual
040 _aARTS
_cARTS
_bben
041 _2ben
_aben
082 _aW:58(P157).44Q72, 157M1
245 0 _aEkuser samkalan
_b Smriticharari
260 _c1981
650 _aPOLITICAL SCIENCE
942 _hW:58(P157).44Q72, 157M1
_cTEXL
_2CC
999 _c450494
_d450494